| 000 | 00415nam a2200145Ia 4500 | ||
|---|---|---|---|
| 005 | 20260328101529.0 | ||
| 008 | 260328s9999||||xx |||||||||||||| ||und|| | ||
| 100 | _aGómez Azpeitia, Luis Gabriel | ||
| 245 | 0 |
_aArquitectura, Ciudad, Patrimonio y Medio Ambiente / _cLuis Gabriel Gómez Azpeitia |
|
| 250 | _aOriginal | ||
| 260 | _bUniversidad de Colima | ||
| 300 | _a341 p. | ||
| 650 | _aDISEÑO URBANO | ||
| 942 | _cBK | ||
| 999 |
_c9901 _d9901 |
||